[Event "Chigorin Memorial 2008"]
[Site "St. Petersburg RUS"]
[Date "2008.10.05"]
[Round "3.14"]
[White "Ionov, Sergey"]
[Black "Goganov, Aleksey"]
[Result "1/2-1/2"]
[WhiteElo "2543"]
[BlackElo "2356"]
[PlyCount "103"]
[EventDate "2008.10.03"]
[EventType "swiss"]
[EventRounds "9"]
[EventCountry "RUS"]
[Source "lmi"]
[SourceDate "2008.10.03"]

1. Nf3 Nf6 2. g3 d5 3. Bg2 c5 4. O-O Nc6 5. d4 e6 6. c4 dxc4 7. Qa4 Bd7 8. Qxc4
b5 9. Qd3 Rc8 10. dxc5 Bxc5 11. Nc3 b4 12. Ne4 Nxe4 13. Qxe4 Ne7 14. Be3 Qb6
15. Bxc5 Qxc5 16. Rfd1 Bc6 17. Qd4 Qxd4 18. Rxd4 a5 19. a3 Rb8 20. axb4 axb4
21. Ne5 Bxg2 22. Kxg2 f6 23. Nd3 b3 24. Nc5 Kf7 25. Ra7 Ra8 26. Rb7 Rhb8 27.
Rdd7 Rxb7 28. Rxb7 Ra2 29. Rxb3 Ra5 30. Nd3 e5 31. Rb7 e4 32. b4 Ra2 33. Nc5 f5
34. e3 Kf6 35. Nd7+ Ke6 36. Nf8+ Kf6 37. Nxh7+ Ke6 38. Nf8+ Kf6 39. Nd7+ Ke6
40. Nc5+ Kf6 41. Rd7 Rb2 42. Rd4 Ke5 43. Na4 Rc2 44. Nb6 Ke6 45. g4 g6 46.
gxf5+ gxf5 47. Nc4 Nd5 48. b5 Rc1 49. Nd2 Rc5 50. Rc4 Rxb5 51. Rc6+ Kd7 52. Rc2
1/2-1/2

[Event "Chigorin Memorial 2008"]
[Site "St. Petersburg RUS"]
[Date "2008.10.05"]
[Round "3.17"]
[White "Shchukin, Dmitry"]
[Black "Yevseev, Denis"]
[Result "1/2-1/2"]
[WhiteElo "2357"]
[BlackElo "2534"]
[PlyCount "88"]
[EventDate "2008.10.03"]
[EventType "swiss"]
[EventRounds "9"]
[EventCountry "RUS"]
[Source "lmi"]
[SourceDate "2008.10.03"]

1. e4 c6 2. d4 d5 3. Nc3 dxe4 4. Nxe4 Bf5 5. Ng3 Bg6 6. h4 h6 7. Nf3 Nf6 8. h5
Bh7 9. Bd3 Bxd3 10. Qxd3 e6 11. Bf4 Qa5+ 12. Bd2 Bb4 13. a3 Bxd2+ 14. Qxd2 Qc7
15. O-O-O Nbd7 16. Qe2 O-O 17. Ne5 Rad8 18. Kb1 c5 19. Nxd7 Rxd7 20. dxc5 Rxd1+
21. Rxd1 Qxc5 22. Ne4 Nxe4 23. Qxe4 Qxh5 24. Rd7 Qc5 25. Qxb7 Qxf2 26. b4 h5
27. a4 h4 28. a5 g5 29. Kb2 Kg7 30. a6 Kg6 31. Qxa7 Qxg2 32. Qc5 Ra8 33. Qe7
Qf3 34. Rd8 h3 35. Rxa8 Qxa8 36. Qb7 Qxb7 37. axb7 h2 38. b8=Q h1=Q 39. b5 Qd5
40. b6 g4 41. b7 Qb5+ 42. Kc1 Qg5+ 43. Kd1 Qd5+ 44. Ke2 Qe4+ 1/2-1/2

[Event "Chigorin Memorial 2008"]
[Site "St. Petersburg RUS"]
[Date "2008.10.05"]
[Round "3.18"]
[White "Domogaev, Sergey"]
[Black "Lintchevski, Daniil"]
[Result "1/2-1/2"]
[WhiteElo "2354"]
[BlackElo "2502"]
[PlyCount "68"]
[EventDate "2008.10.03"]
[EventType "swiss"]
[EventRounds "9"]
[EventCountry "RUS"]
[Source "lmi"]
[SourceDate "2008.10.03"]

1. d4 d5 2. Nf3 Nf6 3. c4 c6 4. e3 Bg4 5. Qb3 Qb6 6. c5 Qc7 7. Ne5 Bf5 8. Nc3
Nbd7 9. Bd3 Bxd3 10. Nxd3 b6 11. cxb6 axb6 12. O-O e6 13. Bd2 Be7 14. f4 O-O
15. Rac1 Qa7 16. a3 c5 17. Ne5 Rfc8 18. Kh1 Qa6 19. Qd1 b5 20. Nxd7 Nxd7 21.
Qe2 c4 22. f5 b4 23. axb4 Bxb4 24. e4 Bxc3 25. bxc3 dxe4 26. Qxe4 Qc6 27. Qh4
Qd5 28. fxe6 fxe6 29. Rce1 Rf8 30. Rf2 Rxf2 31. Qxf2 Rf8 32. Qe2 Rf6 33. Kg1 h6
34. Ra1 Rf7 1/2-1/2

[Event "Chigorin Memorial 2008"]
[Site "St. Petersburg RUS"]
[Date "2008.10.05"]
[Round "3.20"]
[White "Molchanova, Tatjana"]
[Black "Shimanov, Aleksandr"]
[Result "1/2-1/2"]
[WhiteElo "2337"]
[BlackElo "2476"]
[PlyCount "98"]
[EventDate "2008.10.03"]
[EventType "swiss"]
[EventRounds "9"]
[EventCountry "RUS"]
[Source "lmi"]
[SourceDate "2008.10.03"]

1. e4 c5 2. Nf3 e6 3. d3 Nc6 4. g3 Nge7 5. Bg2 g6 6. O-O Bg7 7. c3 e5 8. Be3 d6
9. Qd2 O-O 10. Bh6 Bg4 11. h3 Bxf3 12. Bxf3 b5 13. Na3 Rb8 14. Nc2 b4 15. Bxg7
Kxg7 16. Ne3 Qa5 17. Bg2 Qb5 18. f4 f6 19. Rf2 Rbd8 20. Raf1 a5 21. fxe5 dxe5
22. Nd5 Nxd5 23. exd5 Ne7 24. c4 Qd7 25. Qe3 Qd6 26. g4 Rde8 27. Be4 Rf7 28. h4
Ref8 29. h5 f5 30. gxf5 gxf5 31. Kh1 f4 32. Qh3 Nf5 33. Bxf5 Rxf5 34. Rg1+ Kh8
35. Rfg2 Qf6 36. Qf3 Qh6 37. Rh2 a4 38. Rgg2 a3 39. b3 Re8 40. Qg4 Ref8 41. Qf3
Re8 42. Qg4 Rf7 43. Qf3 Rfe7 44. Qe4 Rf8 45. Qf3 Qf6 46. Rg1 Qh6 47. Rhg2 Ree8
48. Rh2 Qf6 49. Rhg2 Qh4+ 1/2-1/2

[Event "Chigorin Memorial 2008"]
[Site "St. Petersburg RUS"]
[Date "2008.10.05"]
[Round "3.21"]
[White "Smirnov, Artem"]
[Black "Ivkina, Olga"]
[Result "1-0"]
[WhiteElo "2460"]
[BlackElo "2229"]
[PlyCount "69"]
[EventDate "2008.10.03"]
[EventType "swiss"]
[EventRounds "9"]
[EventCountry "RUS"]
[Source "lmi"]
[SourceDate "2008.10.03"]

1. d4 d6 2. c4 Nf6 3. Nc3 g6 4. e4 Bg7 5. Nge2 Nc6 6. d5 Ne5 7. Ng3 h5 8. Be2
h4 9. Nf1 h3 10. g3 Bd7 11. Ne3 Qc8 12. O-O O-O 13. Bd2 c5 14. f3 a6 15. a4 b6
16. g4 Rb8 17. g5 Nh7 18. f4 Nxc4 19. Nxc4 b5 20. axb5 axb5 21. Ne3 c4 22. Qe1
Qc5 23. Ncd1 Ra8 24. Rb1 Bd4 25. Kh1 e5 26. f5 Nxg5 27. f6 Nxe4 28. Qh4 Bxe3
29. Bxe3 Qxd5 30. Bf3 Qd3 31. Nc3 Nxf6 32. Qxf6 Qxe3 33. Bxa8 b4 34. Bd5 Be8
35. Qxg6+ 1-0

[Event "Chigorin Memorial 2008"]
[Site "St. Petersburg RUS"]
[Date "2008.10.05"]
[Round "3.22"]
[White "Mikkelsen, Nikolaj"]
[Black "Merzliakov, Evgeny"]
[Result "1-0"]
[WhiteElo "2441"]
[BlackElo "2210"]
[PlyCount "65"]
[EventDate "2008.10.03"]
[EventType "swiss"]
[EventRounds "9"]
[EventCountry "RUS"]
[Source "lmi"]
[SourceDate "2008.10.03"]

1. e4 e6 2. d4 d5 3. Nd2 Nf6 4. e5 Nfd7 5. Bd3 c5 6. c3 Nc6 7. Ndf3 cxd4 8.
cxd4 f6 9. exf6 Nxf6 10. Nh3 Bd6 11. O-O O-O 12. Re1 Qc7 13. Nhg5 e5 14. dxe5
Nxe5 15. Bxh7+ Kh8 16. Nxe5 Bxe5 17. g3 Bg4 18. Qc2 Qd6 19. Bf5 Bh5 20. Bd2 Bd4
21. Be3 Bxe3 22. Rxe3 d4 23. Rb3 Qd5 24. Ne6 Ng4 25. Nxf8 Rxf8 26. Be4 Qd6 27.
Rf1 b6 28. Rf3 Re8 29. Rf5 Bg6 30. Rf4 Bh5 31. Bf3 Bg6 32. Qc6 Qxc6 33. Bxc6
1-0

[Event "Chigorin Memorial 2008"]
[Site "St. Petersburg RUS"]
[Date "2008.10.05"]
[Round "3.23"]
[White "Fedoseev, Vladimir"]
[Black "Ponfilenok, Vladimir"]
[Result "1/2-1/2"]
[WhiteElo "2312"]
[BlackElo "2440"]
[PlyCount "105"]
[EventDate "2008.10.03"]
[EventType "swiss"]
[EventRounds "9"]
[EventCountry "RUS"]
[Source "lmi"]
[SourceDate "2008.10.03"]

1. e4 e6 2. d4 d5 3. exd5 exd5 4. Nf3 Nf6 5. Bd3 c5 6. dxc5 Bxc5 7. O-O O-O 8.
b3 Nc6 9. Bb2 Bg4 10. Nbd2 Re8 11. Qb1 Ne4 12. c4 Nxd2 13. Nxd2 h6 14. cxd5
Qxd5 15. Ne4 Bd4 16. Bxd4 Nxd4 17. f3 Bf5 18. Rd1 Rad8 19. Qb2 Qe5 20. Qf2 Nxb3
21. f4 Qd4 22. axb3 Bxe4 23. Qxd4 Rxd4 24. Bc4 Rxd1+ 25. Rxd1 Bc6 26. Kf2 Kf8
27. g3 Re4 28. Rd8+ Re8 29. Rd1 Ke7 30. Ra1 a6 31. Re1+ Kf6 32. Rd1 Rc8 33. Be2
Ke7 34. Bc4 Rc7 35. Ra1 Kd6 36. Ra5 b5 37. Be2 Bb7 38. Ra2 Kc5 39. Rc2+ Kb6 40.
Rd2 a5 41. f5 Be4 42. g4 Bc2 43. Rd5 Rc5 44. Rd6+ Kc7 45. Ra6 Bxb3 46. Rxa5 Kb6
47. Ra8 g6 48. fxg6 fxg6 49. Rh8 Bc2 50. h4 Kc7 51. Rh7+ Kc8 52. h5 gxh5 53.
gxh5 1/2-1/2

[Event "Chigorin Memorial 2008"]
[Site "St. Petersburg RUS"]
[Date "2008.10.05"]
[Round "3.24"]
[White "Zhukov, Klim"]
[Black "Slugin, Sergey"]
[Result "0-1"]
[WhiteElo "2183"]
[BlackElo "2431"]
[PlyCount "106"]
[EventDate "2008.10.03"]
[EventType "swiss"]
[EventRounds "9"]
[EventCountry "RUS"]
[Source "lmi"]
[SourceDate "2008.10.03"]

1. e4 c6 2. d4 d5 3. e5 Bf5 4. Nf3 e6 5. Be2 Nd7 6. O-O h6 7. Nbd2 Ne7 8. Nb3
Bh7 9. c3 a5 10. a4 Nf5 11. Bd3 Bg6 12. Bf4 Nh4 13. Ne1 Qb6 14. Bxg6 Nxg6 15.
Be3 c5 16. dxc5 Nxc5 17. Nxc5 Bxc5 18. Bxc5 Qxc5 19. Nd3 Qc4 20. Kh1 O-O 21. f4
Ne7 22. Qf3 Rab8 23. g4 b5 24. axb5 Rxb5 25. Rae1 Qc6 26. f5 d4 27. cxd4 Qxf3+
28. Rxf3 exf5 29. gxf5 Rd8 30. Re4 Rb3 31. Kg2 Nxf5 32. Rxf5 Rxd3 33. e6 fxe6
34. Rxa5 Rb8 35. Re2 Rb6 36. Ra4 Kf7 37. Rc4 g5 38. Rc7+ Kf6 39. Rh7 Kf5 40.
Rxh6 Rxd4 41. Rf2+ Rf4 42. Re2 Rg4+ 43. Kf2 Rgb4 44. Rh5 Kg6 45. Rh8 Rxb2 46.
h4 Rxe2+ 47. Kxe2 g4 48. Ke3 e5 49. Ke4 Rb7 50. Rg8+ Rg7 51. h5+ Kh7 52. Rf8
Rg5 53. Re8 g3 0-1

[Event "Chigorin Memorial 2008"]
[Site "St. Petersburg RUS"]
[Date "2008.10.05"]
[Round "3.26"]
[White "Zakharchenko, Arnold"]
[Black "Brodsky, Michail"]
[Result "0-1"]
[WhiteElo "2288"]
[BlackElo "2550"]
[PlyCount "73"]
[EventDate "2008.10.03"]
[EventType "swiss"]
[EventRounds "9"]
[EventCountry "RUS"]
[Source "lmi"]
[SourceDate "2008.10.03"]

1. d4 Nf6 2. c4 e6 3. Nf3 c5 4. d5 d6 5. Nc3 exd5 6. cxd5 g6 7. h3 a6 8. a4 Qe7
9. Bf4 Nbd7 10. e3 Bg7 11. Be2 O-O 12. O-O Rb8 13. Bh2 Ne8 14. Nd2 f5 15. Nc4
b6 16. Ra3 Ne5 17. Rb3 Qc7 18. Qd2 Nf7 19. e4 fxe4 20. Nxe4 b5 21. axb5 axb5
22. Na3 Bf5 23. Ng3 Bd7 24. Bxb5 Nf6 25. Bc4 Ne5 26. Rxb8 Rxb8 27. Rc1 Bxh3 28.
Bf1 Bd7 29. Nc4 Nfg4 30. Nxe5 Bxe5 31. b4 Qd8 32. Be2 Nxh2 33. Kxh2 cxb4 34.
Kg1 b3 35. Bd3 b2 36. Rb1 Qh4 37. Nf1 0-1

[Event "Chigorin Memorial 2008"]
[Site "St. Petersburg RUS"]
[Date "2008.10.05"]
[Round "3.27"]
[White "Valov, Ilya"]
[Black "Teterev, Vitaly"]
[Result "0-1"]
[WhiteElo "2269"]
[BlackElo "2513"]
[PlyCount "64"]
[EventDate "2008.10.03"]
[EventType "swiss"]
[EventRounds "9"]
[EventCountry "RUS"]
[Source "lmi"]
[SourceDate "2008.10.03"]

1. d4 Nf6 2. Nf3 g6 3. c4 Bg7 4. Nc3 O-O 5. e4 d6 6. h3 a6 7. Be2 Nbd7 8. e5
Ne8 9. exd6 Nxd6 10. O-O c6 11. a4 Nf6 12. Bf4 Bf5 13. Be5 Be6 14. b3 Bh6 15.
d5 cxd5 16. Bxf6 exf6 17. Nxd5 Ne4 18. Qc2 Bxd5 19. Rad1 Rc8 20. Qb2 Re8 21.
Rxd5 Qb6 22. a5 Qb4 23. Bd3 f5 24. Qc2 Nf6 25. Re5 Rxe5 26. Nxe5 Qxa5 27. Bxf5
gxf5 28. Qxf5 Qc7 29. g4 Re8 30. f4 Bg7 31. g5 Nh5 32. Re1 Nxf4 0-1

[Event "Chigorin Memorial 2008"]
[Site "St. Petersburg RUS"]
[Date "2008.10.05"]
[Round "3.30"]
[White "Eidelson, Rakhil"]
[Black "Ivanov, Alexey"]
[Result "1-0"]
[WhiteElo "2220"]
[BlackElo "2431"]
[PlyCount "107"]
[EventDate "2008.10.03"]
[EventType "swiss"]
[EventRounds "9"]
[EventCountry "RUS"]
[Source "lmi"]
[SourceDate "2008.10.03"]

1. Nf3 Nf6 2. g3 d5 3. Bg2 Bf5 4. O-O e6 5. d3 Be7 6. Nbd2 h6 7. Qe1 O-O 8. e4
Bh7 9. Qe2 c5 10. Ne5 Qc7 11. Ng4 dxe4 12. Nxf6+ Bxf6 13. Nxe4 Be7 14. Be3 Nd7
15. f4 Rac8 16. Nc3 Bf6 17. Qf2 a6 18. Rab1 b5 19. g4 Nb6 20. Ne4 Be7 21. f5
exf5 22. gxf5 Nd5 23. Bd2 Nf6 24. Bf4 Qd7 25. Be3 Ng4 26. Qg3 Nxe3 27. Qxe3 f6
28. Qf4 Kh8 29. Qf3 c4 30. dxc4 Rxc4 31. c3 Bg8 32. Rbd1 Qa7+ 33. Kh1 Re8 34.
Nd2 Rcc8 35. Nb3 Bf8 36. Nd4 Bc5 37. Ne6 b4 38. Rd3 bxc3 39. bxc3 Qb6 40. Rfd1
Rb8 41. Bh3 Re7 42. c4 Bf7 43. Rb3 Bb4 44. a3 Be8 45. Rxb4 Bc6 46. Rd5 Bxd5 47.
Qxd5 Qa7 48. Qc5 Ra8 49. Qxa7 Rexa7 50. Bg2 Rc8 51. Bd5 Kh7 52. Kg2 g6 53. Kf3
gxf5 54. c5 1-0

[Event "Chigorin Memorial 2008"]
[Site "St. Petersburg RUS"]
[Date "2008.10.05"]
[Round "3.31"]
[White "Gorovykh, Eduard"]
[Black "Yankovsky, Roman"]
[Result "1-0"]
[WhiteElo "2390"]
[BlackElo "2255"]
[PlyCount "113"]
[EventDate "2008.10.03"]
[EventType "swiss"]
[EventRounds "9"]
[EventCountry "RUS"]
[Source "lmi"]
[SourceDate "2008.10.03"]

1. e4 c5 2. Nf3 d6 3. c3 Nf6 4. Be2 Nc6 5. d4 cxd4 6. cxd4 d5 7. e5 Ne4 8. O-O
e6 9. Ne1 f5 10. a3 Be7 11. b4 a6 12. f3 Ng5 13. Be3 O-O 14. Qd2 Nf7 15. Nd3 b6
16. Nc3 Bg5 17. f4 Be7 18. Rac1 Na7 19. Qb2 Bd7 20. Rc2 Rc8 21. Rfc1 Nb5 22.
Ne1 Nxc3 23. Rxc3 Rxc3 24. Qxc3 Qc8 25. Qd3 Qb7 26. Qxa6 Qxa6 27. Bxa6 Ra8 28.
Rc7 Rxa6 29. Rxd7 Bd8 30. Bc1 Ra8 31. Bb2 Rc8 32. Ra7 g5 33. fxg5 Nxg5 34. Kf1
Ne4 35. Ke2 Bg5 36. Rb7 f4 37. a4 Bd8 38. b5 Bh4 39. a5 bxa5 40. b6 Bd8 41. Ba3
Nc3+ 42. Kf3 Nb5 43. Bc5 a4 44. Nc2 a3 45. Nxa3 Nxa3 46. Bxa3 Bxb6 47. Rxb6
Rc3+ 48. Kxf4 Rxa3 49. Rxe6 Rd3 50. Re8+ Kf7 51. Rh8 Rxd4+ 52. Kf5 Kg7 53. Rd8
Rd2 54. e6 Rf2+ 55. Ke5 Re2+ 56. Kd6 d4 57. Ke7 1-0

[Event "Chigorin Memorial 2008"]
[Site "St. Petersburg RUS"]
[Date "2008.10.05"]
[Round "3.33"]
[White "Khuseinkhodzhaev, Muhammad"]
[Black "Denisov, Ivan"]
[Result "1-0"]
[WhiteElo "2375"]
[BlackElo "2189"]
[PlyCount "139"]
[EventDate "2008.10.03"]
[EventType "swiss"]
[EventRounds "9"]
[EventCountry "RUS"]
[Source "lmi"]
[SourceDate "2008.10.03"]

1. d4 Nf6 2. Nf3 e6 3. c4 b6 4. Bg5 Bb7 5. Nbd2 d5 6. e3 Nbd7 7. Ne5 Be7 8. Qa4
O-O 9. Nc6 Qe8 10. Nxe7+ Qxe7 11. cxd5 exd5 12. Bd3 Qe6 13. O-O c5 14. Rac1 a6
15. Bxf6 Bc6 16. Qc2 Qxf6 17. Bxh7+ Kh8 18. Bd3 c4 19. Be2 b5 20. f4 Qe7 21.
Rf3 Nf6 22. Qf5 Bd7 23. Qg5 g6 24. Bd1 Rae8 25. Bc2 Ne4 26. Qxe7 Rxe7 27. Bxe4
dxe4 28. Rf2 Rc8 29. a3 f5 30. Nb1 Be6 31. Nc3 Rd7 32. g4 Kg7 33. gxf5 gxf5 34.
Rg2+ Kf6 35. Kf2 Rb8 36. Rcg1 Bf7 37. Rg7 Rh8 38. R1g2 Rh3 39. R7g3 Rh7 40. Ke1
Rd8 41. h3 Rdh8 42. Rh2 Ke6 43. Kd2 Bh5 44. Kc2 Bg4 45. Nxe4 fxe4 46. Rxg4 Rxh3
47. Re2 Rh2 48. Rgg2 Rxg2 49. Rxg2 Rh3 50. Kd2 Kd6 51. Rg6+ Kd7 52. d5 Rh5 53.
Rg5 Rh2+ 54. Kc3 Kd6 55. Re5 Kc5 56. d6+ Kxd6 57. Rxe4 Rh5 58. Re8 Rh3 59. b3
cxb3 60. Kxb3 a5 61. Re5 Kc6 62. Kc3 Rh2 63. f5 a4 64. Kd4 Rd2+ 65. Ke4 Rb2 66.
f6 b4 67. f7 bxa3 68. f8=Q a2 69. Qc8+ Kd6 70. Re6# 1-0

[Event "Chigorin Memorial 2008"]
[Site "St. Petersburg RUS"]
[Date "2008.10.05"]
[Round "3.36"]
[White "Utkin, Aleksey"]
[Black "Minina, Veronika"]
[Result "1-0"]
[WhiteElo "2359"]
[BlackElo "2153"]
[PlyCount "171"]
[EventDate "2008.10.03"]
[EventType "swiss"]
[EventRounds "9"]
[EventCountry "RUS"]
[Source "lmi"]
[SourceDate "2008.10.03"]

1. d4 Nf6 2. Nf3 g6 3. Bg5 Bg7 4. Nbd2 d5 5. e3 O-O 6. Bd3 c5 7. c3 cxd4 8.
cxd4 Nc6 9. O-O Bf5 10. Bxf5 gxf5 11. Qb3 Qb6 12. Bxf6 Qxb3 13. Nxb3 Bxf6 14.
Nc5 Bg7 15. Rac1 Rfc8 16. Nd3 e6 17. g3 Ne7 18. Nd2 Rc6 19. Rxc6 Nxc6 20. Rc1
Kf8 21. Nc5 Nd8 22. b4 Ke8 23. b5 Rc8 24. Kf1 b6 25. Nd3 Rxc1+ 26. Nxc1 Nb7 27.
Ke2 Nd6 28. a4 Ne4 29. Na2 Bf8 30. f3 Nxd2 31. Kxd2 Bd6 32. Kd3 Ke7 33. Nc3 Bb4
34. Ne2 Bd6 35. Nc1 Ba3 36. Ne2 Bd6 37. Kc3 Kd7 38. Nc1 Kc7 39. Kd3 Kd7 40. Nb3
Bb4 41. e4 fxe4+ 42. fxe4 dxe4+ 43. Kxe4 Kd6 44. Nc1 f5+ 45. Kd3 Be1 46. Ne2
Bb4 47. Ng1 Kd5 48. Nf3 Be7 49. Ne1 Bg5 50. Nc2 Be7 51. Ne3+ Kd6 52. Kc4 Bg5
53. Nd1 Bd2 54. Nf2 Be3 55. Nd3 Bg1 56. h3 Bh2 57. g4 fxg4 58. hxg4 Bg3 59. Nb4
Be1 60. Nc2 Bd2 61. Kd3 Bg5 62. Ke4 Bc1 63. Nb4 Bg5 64. Nd3 Bf6 65. Nb2 Bg7 66.
Nc4+ Kd7 67. d5 exd5+ 68. Kxd5 Bc3 69. Nd6 h6 70. Nf5 Bd2 71. Nd4 Kc7 72. Ke6
Kb7 73. Nf5 a6 74. Nd6+ Ka7 75. Kd5 axb5 76. axb5 Be3 77. Kc6 Kb8 78. Nc4 Bd4
79. Nxb6 Be3 80. Nd7+ Kc8 81. b6 Bf4 82. Nc5 Bg3 83. Ne6 Be5 84. b7+ Kb8 85.
Kb6 Bg3 86. Ka6 1-0

[Event "Chigorin Memorial 2008"]
[Site "St. Petersburg RUS"]
[Date "2008.10.05"]
[Round "3.39"]
[White "Donskov, Anatoly"]
[Black "Trushelyov, Viktor"]
[Result "0-1"]
[WhiteElo "2131"]
[BlackElo "2340"]
[PlyCount "141"]
[EventDate "2008.10.03"]
[EventType "swiss"]
[EventRounds "9"]
[EventCountry "RUS"]
[Source "lmi"]
[SourceDate "2008.10.03"]

1. e4 e5 2. Nf3 Nf6 3. Nxe5 d6 4. Nf3 Nxe4 5. d4 d5 6. Bd3 Bd6 7. O-O O-O 8. c4
c6 9. Nc3 Nxc3 10. bxc3 dxc4 11. Bxc4 Bg4 12. h3 Bh5 13. g4 Bg6 14. Ne5 Nd7 15.
f4 Nxe5 16. fxe5 Be7 17. Bf4 Be4 18. Qe2 Bd5 19. Bd3 b5 20. Qc2 h6 21. a4 a6
22. axb5 axb5 23. Rxa8 Qxa8 24. Qc1 Bc4 25. Bxc4 bxc4 26. Qe3 Qc8 27. Qe4 Qe6
28. Ra1 f5 29. gxf5 Rxf5 30. Be3 Qg6+ 31. Qg2 Bg5 32. Bf2 Qh5 33. Qxc6 Qxh3 34.
Ra8+ Kh7 35. Qe4 Bf4 36. Ra2 Bh2+ 37. Kh1 Bxe5+ 38. Kg1 Bh2+ 39. Kh1 Bg3+ 40.
Kg1 Bxf2+ 41. Rxf2 Qg3+ 42. Rg2 Qf3 43. Qb1 g6 44. Qe1 Qb7 45. Kh2 Qc7+ 46. Kg1
h5 47. Qe6 Qf7 48. Qxf7+ Rxf7 49. Rg3 Kh6 50. Re3 h4 51. Kg2 Kh5 52. Re5+ Kg4
53. Re4+ Rf4 54. Re3 Rf5 55. Re4+ Kh5 56. Re8 g5 57. Rc8 Kg4 58. Rh8 Rf3 59. d5
Rxc3 60. d6 Rc2+ 61. Kf1 Rd2 62. Rc8 Rxd6 63. Rxc4+ Kh5 64. Kg2 Rd5 65. Rc8
Rd2+ 66. Kh1 h3 67. Rh8+ Kg4 68. Ra8 Kg3 69. Ra3+ Kh4 70. Ra4+ g4 71. Ra8 0-1

[Event "Chigorin Memorial 2008"]
[Site "St. Petersburg RUS"]
[Date "2008.10.05"]
[Round "3.40"]
[White "Kuzmin, Yuriy"]
[Black "Kaganskiy, Gleb"]
[Result "1-0"]
[WhiteElo "2122"]
[BlackElo "2330"]
[PlyCount "43"]
[EventDate "2008.10.03"]
[EventType "swiss"]
[EventRounds "9"]
[EventCountry "RUS"]
[Source "lmi"]
[SourceDate "2008.10.03"]

1. e4 c6 2. d4 d5 3. e5 Bf5 4. Nf3 e6 5. Be2 Nd7 6. O-O c5 7. c4 Bxb1 8. Rxb1
Ne7 9. Bg5 dxc4 10. Bxc4 cxd4 11. Nxd4 a6 12. Re1 Qb6 13. Rc1 Ng6 14. Be3 Bc5
15. Nf5 Bxe3 16. Nd6+ Ke7 17. Rxe3 Ngxe5 18. Ne4 Rhc8 19. Bf1 Rxc1 20. Qxc1 Qc6
21. Qd2 Rd8 22. Qb4+ 1-0

[Event "Chigorin Memorial 2008"]
[Site "St. Petersburg RUS"]
[Date "2008.10.05"]
[Round "3.41"]
[White "Barhudarian, Rafael"]
[Black "Palchun, Grigory"]
[Result "1-0"]
[WhiteElo "2327"]
[BlackElo "2129"]
[PlyCount "61"]
[EventDate "2008.10.03"]
[EventType "swiss"]
[EventRounds "9"]
[EventCountry "RUS"]
[Source "lmi"]
[SourceDate "2008.10.03"]

1. Nc3 d5 2. e4 d4 3. Nce2 e5 4. Ng3 Nc6 5. Bb5 Bd7 6. d3 Nf6 7. a3 Be7 8. Nf3
Bd6 9. O-O O-O 10. h3 Na5 11. Bxd7 Qxd7 12. Nf5 Nc6 13. Qd2 Ne8 14. Qg5 Ne7 15.
Nxe5 Qe6 16. Nf3 c5 17. Nxd6 Qxd6 18. Bf4 Qf6 19. Qxf6 gxf6 20. Rfe1 Ng6 21.
Bh6 Ng7 22. e5 fxe5 23. Nxe5 Rfd8 24. Nxg6 hxg6 25. Bxg7 Kxg7 26. Re7 b6 27.
Rae1 Kf6 28. f4 Rd6 29. Kf2 Re6 30. R1xe6+ fxe6 31. Rc7 1-0

[Event "Chigorin Memorial 2008"]
[Site "St. Petersburg RUS"]
[Date "2008.10.05"]
[Round "3.42"]
[White "Frolochkin, Vladimir"]
[Black "Kushka, Alena"]
[Result "1-0"]
[WhiteElo "2323"]
[BlackElo "2123"]
[PlyCount "69"]
[EventDate "2008.10.03"]
[EventType "swiss"]
[EventRounds "9"]
[EventCountry "RUS"]
[Source "lmi"]
[SourceDate "2008.10.03"]

1. e4 c5 2. Nf3 Nc6 3. d4 cxd4 4. Nxd4 Nf6 5. Nc3 d6 6. Bc4 Qb6 7. Nb3 e6 8. g4
Be7 9. g5 Nd7 10. Be3 Qc7 11. Qd2 a6 12. O-O-O b5 13. Bd3 Bb7 14. Kb1 Nce5 15.
f4 Nc4 16. Bxc4 bxc4 17. Nc1 Rb8 18. Ka1 Bc6 19. N1e2 O-O 20. Rb1 Nb6 21. Rhg1
d5 22. exd5 Nxd5 23. Nxd5 Bxd5 24. Bd4 Bb4 25. Qe3 Rb5 26. Nc3 Ra5 27. Bb6 Qc6
28. Bxa5 Bxa5 29. Rge1 Bb6 30. Qe5 Rd8 31. f5 Bc7 32. Nxd5 exd5 33. Qe3 Bb6 34.
Qf3 Ba5 35. c3 1-0

[Event "Chigorin Memorial 2008"]
[Site "St. Petersburg RUS"]
[Date "2008.10.05"]
[Round "3.43"]
[White "Skrjabin, Igor"]
[Black "Kurilov, Viktor"]
[Result "0-1"]
[WhiteElo "2110"]
[BlackElo "2312"]
[PlyCount "126"]
[EventDate "2008.10.03"]
[EventType "swiss"]
[EventRounds "9"]
[EventCountry "RUS"]
[Source "lmi"]
[SourceDate "2008.10.03"]

1. e4 e5 2. Nf3 Nf6 3. d3 Nc6 4. g3 d5 5. exd5 Nxd5 6. Bg2 Be7 7. O-O O-O 8.
Re1 f6 9. Nc3 Nb6 10. Be3 Bg4 11. Qd2 Qd7 12. Bxb6 axb6 13. a3 Rad8 14. Kh1 Na7
15. Nd1 c6 16. Ne3 Be6 17. Qe2 Rfe8 18. Rad1 Bc5 19. Qf1 Nb5 20. c3 Qc7 21. Nh4
Re7 22. Be4 Nd6 23. Nhf5 Red7 24. Nxd6 Bxd6 25. g4 g6 26. Qh3 Bc5 27. Qf3 Kg7
28. Rg1 Bxe3 29. fxe3 Bd5 30. Rdf1 Qd6 31. Bxd5 Qxd5 32. e4 Qe6 33. Rd1 c5 34.
Qe3 Qc6 35. Rgf1 Rd6 36. Rd2 h6 37. Rff2 Qd7 38. Qf3 Qe6 39. c4 b5 40. b3 bxc4
41. bxc4 Rb6 42. Rb2 Ra8 43. Ra2 Rb3 44. a4 Qd6 45. Rfb2 Qb6 46. Qf2 Rxa4 47.
Rxb3 Qxb3 48. Rxa4 Qxa4 49. Qxc5 Qd1+ 50. Kg2 Qxg4+ 51. Kf2 Qf4+ 52. Kg2 h5 53.
Qe7+ Kh6 54. Qxb7 Qd2+ 55. Kg1 Qxd3 56. Qd5 Qe3+ 57. Kf1 h4 58. c5 h3 59. c6
Qf3+ 60. Ke1 Qh1+ 61. Kd2 Qxh2+ 62. Kc3 Qg3+ 63. Kb4 Qe1+ 0-1

[Event "Chigorin Memorial 2008"]
[Site "St. Petersburg RUS"]
[Date "2008.10.05"]
[Round "3.44"]
[White "Khakimov, Timur"]
[Black "Guzenko, Artem"]
[Result "1-0"]
[WhiteElo "2310"]
[BlackElo "2121"]
[PlyCount "87"]
[EventDate "2008.10.03"]
[EventType "swiss"]
[EventRounds "9"]
[EventCountry "RUS"]
[Source "lmi"]
[SourceDate "2008.10.03"]

1. e4 c5 2. Nf3 e6 3. Nc3 a6 4. g3 Qc7 5. Bg2 b5 6. d4 cxd4 7. Nxd4 Bb7 8. O-O
Be7 9. Re1 d6 10. a4 bxa4 11. Rxa4 Nf6 12. Qe2 Nfd7 13. Rc4 Qd8 14. Rb4 Qc7 15.
Nf5 Ne5 16. Nxg7+ Kd8 17. Be3 Nbd7 18. Na4 Rg8 19. Nh5 a5 20. Rb3 Ba6 21. Qd1
Ke8 22. Nb6 Rb8 23. Nxd7 Nxd7 24. Rxb8+ Qxb8 25. Bd4 Bd8 26. Qf3 Qb4 27. Bc3
Qc5 28. Nf4 Bb7 29. Bh3 Bb6 30. Nxe6 Ne5 31. Bxe5 Qxe5 32. Qb3 fxe6 33. Qxb6
Rg7 34. Bg2 Qc5 35. Qxc5 dxc5 36. Ra1 Rd7 37. e5 Bxg2 38. Kxg2 Rd2 39. c4 Rc2
40. b3 Rc3 41. Rxa5 Rxb3 42. Rxc5 h6 43. Rc7 Rc3 44. Rh7 1-0

[Event "Chigorin Memorial 2008"]
[Site "St. Petersburg RUS"]
[Date "2008.10.05"]
[Round "3.46"]
[White "Bronnikova, Elizaveta"]
[Black "Senkevich, Konstantin"]
[Result "1-0"]
[WhiteElo "2293"]
[BlackElo "2118"]
[PlyCount "75"]
[EventDate "2008.10.03"]
[EventType "swiss"]
[EventRounds "9"]
[EventCountry "RUS"]
[Source "lmi"]
[SourceDate "2008.10.03"]

1. e4 c5 2. Nf3 Nc6 3. d4 cxd4 4. Nxd4 Nf6 5. Nc3 d6 6. Be2 g6 7. O-O Bg7 8.
Nb3 O-O 9. Re1 Be6 10. Bf1 d5 11. Nc5 Bg4 12. f3 Qb6 13. N3a4 Qb4 14. c3 Qa5
15. exd5 b5 16. b4 Nxb4 17. cxb4 Qxb4 18. Bd2 Qd4+ 19. Be3 Qe5 20. Bd4 Qf4 21.
Bxb5 Bxf3 22. gxf3 Ng4 23. fxg4 Bxd4+ 24. Kg2 Bxa1 25. Re4 Qg5 26. Qxa1 Qxd5
27. Qd4 Qxa2+ 28. Re2 Qb1 29. Nc3 Qc1 30. Rxe7 Rad8 31. Nd7 Rc8 32. Nf6+ Kg7
33. Nh5+ Kh6 34. Qg7+ Kg5 35. Ne4+ Kh4 36. Qf6+ g5 37. Qf2+ Kxg4 38. Be2# 1-0